| 000 | 00742cac a22002411u 4500 | ||
|---|---|---|---|
| 090 | _c9054 | ||
| 008 | 081112t1983 xxu||||| |||| 00| 0 eng d | ||
| 010 | _a83006567 | ||
| 020 | _a0198247079 : | ||
| 082 | 0 | 0 |
_a170 _bSLO |
| 100 | _aSlote, Michael A. | ||
| 245 | 1 | 0 |
_aGoods and virtues / _cMichael Slote. |
| 260 |
_aOxford : _bClarendon Press ; _aNew York : _bOxford University Press, _cC.1983. |
||
| 300 |
_a148 p. ; _c23 cm. |
||
| 500 | _aDistributer: Al-Ahram. | ||
| 504 | _aIncludes bibliographical references and index. | ||
| 511 | _aCatalogued By: Mahitab. | ||
| 650 | 0 | _aEthics. | |
| 650 | 0 | _aGood and evil. | |
| 650 | 0 | _aVirtues. | |
| 942 |
_cBB _k170SLO _2ddc |
||
| 999 |
_c9054 _d9054 |
||